1980s Movie Silhouettes - Statistics

General Stats
  • This quiz has been taken 104,770 times
  • The average score is 8 of 12
Answers on the Map
Answers color-coded by a green-red scale on the quiz's map according to % correct below.
 
Answer Stats
Answer % Correct
Batman
99%
E.T.
93%
Raiders of the Lost Ark
93%
Return of the Jedi
86%
The Terminator
82%
Top Gun
80%
Back to the Future
74%
Dirty Dancing
63%
Ghostbusters
63%
Robocop
58%
Bill & Ted's Excellent Adventure
36%
Platoon
20%
No matching quizzes found
Score Distribution
Percent of People with Each Score
Percentile by Number Answered
Your Score History
You have not taken this quiz